| 000 | 01284cam a2200349 a 4500 | ||
|---|---|---|---|
| 001 | 14762236 | ||
| 005 | 20161115142312.0 | ||
| 008 | 070308s2008 njua b 001 0 eng | ||
| 010 | _a2007009456 | ||
| 015 |
_aGBA732645 _2bnb |
||
| 016 | 7 |
_a013735559 _2Uk |
|
| 020 | _a9780131755239 | ||
| 020 | _a0131755234 | ||
| 035 | _a(OCoLC)ocm85830761 | ||
| 035 | _a(OCoLC)85830761 | ||
| 040 |
_aDLC _cDLC _dYDX _dBAKER _dBTCTA _dYDXCP _dUKM _dCOA _dDLC |
||
| 050 | 0 | 0 |
_aHF5718.22 _b.M86 2008 |
| 082 | 0 | 0 |
_a658.45 _222 _bMUN |
| 100 | 1 |
_aMunter, Mary. _93716 |
|
| 245 | 1 | 0 |
_aGuide to Presentations / _cMary Munter, Lynn Russell. |
| 250 | _a2nd ed. | ||
| 260 |
_aUpper Saddle River, N.J. : _bPearson Prentice Hall, _cc2008. |
||
| 300 |
_avii, 144 p. : _bill. ; _c21 cm. |
||
| 490 | 1 | _aPrentice Hall guides to advanced communication | |
| 504 | _aIncludes bibliographical references (p. 136-137) and index. | ||
| 650 | 0 |
_93717 _aBusiness presentations |
|
| 700 | 1 |
_aRussell, Lynn. _93718 |
|
| 830 | 0 |
_aPrentice-Hall guides to advanced business communication. _93719 |
|
| 856 | 4 | 1 |
_3Table of contents only _uhttp://www.loc.gov/catdir/toc/ecip0712/2007009456.html |
| 942 |
_2ddc _cBB |
||
| 999 |
_c11307 _d11307 |
||